Statistics for All 1M Cities in Europe

Click here to take the quiz!

General Stats

  • This quiz has been taken 2,226 times
  • The average score is 60 of 76

Answers on the Map

Answers color-coded by a green-red scale on the quiz's map according to % correct below.
 

Answer Stats

CountryCity% Correct
United KingdomLondon
99%
SpainMadrid
98%
ItalyRome
98%
GreeceAthens
97%
SpainBarcelona
97%
GermanyBerlin
97%
IrelandDublin
97%
PortugalLisbon
97%
RussiaMoscow
97%
NorwayOslo
97%
FranceParis
97%
NetherlandsAmsterdam
96%
FinlandHelsinki
96%
TurkeyIstanbul
96%
RussiaSaint Petersburg
96%
SwedenStockholm
96%
PolandWarsaw
96%
BelgiumBrussels
95%
HungaryBudapest
95%
UkraineKiev
95%
ItalyMilan
95%
AustriaVienna
95%
United KingdomManchester
94%
GermanyMunich
94%
ItalyNaples
94%
RomaniaBucharest
93%
Czech RepublicPrague
93%
BulgariaSofia
93%
DenmarkCopenhagen
92%
United KingdomGlasgow
92%
GermanyHamburg
92%
United KingdomLiverpool
91%
BelarusMinsk
91%
GermanyFrankfurt
90%
FranceLyon
90%
FranceMarseille
90%
SerbiaBelgrade
88%
United KingdomBirmingham
88%
NetherlandsRotterdam
88%
SwitzerlandZurich
88%
PortugalPorto
87%
ItalyTurin
84%
SpainValencia
84%
GermanyCologne
83%
SpainSeville
83%
United KingdomLeeds
82%
GermanyThe Ruhr
78%
BelgiumAntwerp
76%
FranceBordeaux
76%
United KingdomNewcastle
74%
GermanyStuttgart
74%
UkraineOdessa
73%
FranceToulouse
70%
SpainMálaga
68%
FranceLille
66%
United KingdomSheffield
66%
GermanyHanover
63%
UkraineDonetsk
62%
GermanyNuremberg
62%
United KingdomSouthampton
62%
RussiaVolgograd
58%
UkraineKharkiv
57%
United KingdomNottingham
55%
RussiaYekaterinburg
55%
RussiaNizhny Novgorod
54%
RussiaRostov
52%
RussiaKazan
48%
GermanyMannheim
46%
PolandKatowice
45%
RussiaUfa
42%
RussiaSamara
41%
RussiaPerm
40%
RussiaChelyabinsk
36%
UkraineDnipropetrovsk
32%
RussiaVoronezh
28%
RussiaSaratov
26%

Score Distribution

Percentile by Number Answered

Percent of People with Each Score

Your Score History

You have not taken this quiz